Регионална библиотека "Любен Каравелов" - Русе

Ръководство за практическа подготовка по трудово право (Запис номер 29752)

MARC детайли
000 -Лидер
Контролно поле с фиксирана дължина 01350nam a2200337 c 4500
003 - Код на организацията, давaща контролен номер
Контролно поле BLK
005 - Дата и час на последна редакция
Контролно поле 20240308131253.0
008 - Елементи от данни с фиксирана дължина
fixed length control field 180407b bul|||||r ||||||| ||bul||
010 ## - Наследен системен номер
LC control number KNG00032377000
020 ## - Международен стандартен номер на книга ISBN
Международен стандартен номер на книга ISBN 954-8150-58-1
-- издат.: Сиби
040 ## - Източник на каталожния запис
Идентификатор на билиотеката - собственик на записа BLK
041 ## - Код за език
Код за езика на текст/звукозапис или на отделно заглавие Български
Код за езика КДБФ Български
080 ## - УДК
Текстов определител УДК Трудово право. Вж и 331
УДК код - определител по УДК 349.2
УДК определител (075.8)
УДК - код + определител 349.2(075.8)
100 1# - Редна дума - Автор
Автор Средкова, Красимира
Авторска отговорност първи автор
R(LIN) 248842
139 ## - Редно поле
Редна дума Средкова, Красимира
Авторски знак Ср - С 60
245 10 - Сведения за заглавието
Заглавие Ръководство за практическа подготовка по трудово право
Редно поле (дума) Красимира Средкова; * Красимира Средкова Иванова.
257 ## - Страна на издаване
Страна на създаване/издаване България
260 ## - Област на издателските данни
-- София
Име на издателя, разпространителя и проч. Сиби
Година на издаване 1996
Печатница София : Симолини
300 ## - Физическа характеристика
Страници 392 с.
Размери/Мащаб 20 см
380 ## - Жанр
Жанр Обществени науки
500 ## - Общи забележки
Забележка Пълното име на авт. е Красимира Средкова Иванова
650 #7 - Допълнително описание по предмет – тема
Основно описание – тема или топоним Трудово право
Източник на редна или ключова дума
9 (RLIN) 174144
653 ## - Ключова дума – ненормативна
Ключова дума трудово право
700 1# - Други автори (авторска отговорност)
Лично име Иванова, Красимира Средкова
Автороска отговорност (Описва отношението между автора и произведението) *
9 (RLIN) 366461
852 ## - Местоположение
Форматна сигнатура Цб 192404
856 4# - Електронен адрес и достъп
Електронен формат pdf - файл
Път до файла /url/
856 4# - Електронен адрес и достъп
Електронен формат pdf - файл
Път до файла /url/
942 ## - АРТИКУЛИ
Вид на библиотечния материал Книги
Скрит в OPAC Не
944 ## - СЪЗДАВАНЕ И РЕДАКЦИЯ на ЗАПИСА
Създаване/Редакция Създаване
Дата на регистрацията/редакция 14.03.2003
Служител, извършил регистрацията/редакцията 30560
Статус, дата на статуса Геновева Генчева
944 ## - СЪЗДАВАНЕ И РЕДАКЦИЯ на ЗАПИСА
Създаване/Редакция Редакция
Дата на регистрацията/редакция 13.07.2004
Служител, извършил регистрацията/редакцията
999 ## - СИСТЕМНИ КОНТРОЛНИ НОМЕРА
Koha biblionumber 29752
Koha biblioitemnumber 29752
Наличности
Код за отписване Код за изгубен артикул Източник на класификационната схема Код за повреда Коз за рестрикции Код за отдаване Артикулен № Име на библиотеката - собственик Име на библиотеката, в която се намира в момента Статус (Текущо местоположение) Дата на вписване в системата Местоположение - отдел Цена в лева Инвентарен номер Систематично азбучна сигнатура Баркод Номер на екземпляра Цена в евро Служебна бележка Служебен тип на артикула
Изтеглен Не е изгубен Universal Decimal Classification Не е повреден без рестрикции заемане за дома 47759 Регионална библиотека "Любен Каравелов" Русе Регионална библиотека "Любен Каравелов" Русе Заемна - подръчен фонд 2001-01-01 Заемна - подръчен фонд 1.80 631381 П 349/С 60 631381 1 0.92 Дост: Pk Вид: Ф N: стар фонд Дата: 01.01.1996 Книги
  Не е изгубен   Не е повреден без рестрикции ползва се в читалня 47760 Регионална библиотека "Любен Каравелов" Русе Регионална библиотека "Любен Каравелов" Русе Хранилище 2003-03-12 Хранилище 0.00 120000675175 Цб 192404 120000675175 2 0.00 Дост: Dp Вид: Д N: 22 Дата: 18.05.2002 Книги
Vip Innovations Ltd, Rousse, Bulgaria 2025